000 01384nam0a2200301 4500
001 RU\NLR\BIBL_A\022579093
005 20260406084209.0
010 _a978-5-4499-3520-5
_9500
035 _a(NLR Aleph) 022579093
090 _a13496175
_c13496175
100 _a20250703d2023 u y0rusy50 ca
101 0 _arus
102 _aRU
105 _aa j 000yy
181 0 _ai
_baxxe
182 0 _an
200 1 _aПравовая аналитика
_eучебник
_fГ. Э. Адыгезалова
_gМинистерство науки и высшего образования Российской Федерации, Кубанский государственный университет
203 _aТекст
_bвизуальный
_cнепосредственный
210 _aМосква
_cDirectMEDIA
_d2023
215 _a461, [1] с.
_cил.
_d21
320 _aБиблиогр.: с. 452–462 (49 назв.) и в подстроч. примеч.
606 1 _aПравовая аналитика
_jУчебники для высших учебных заведений
_92252022
_3RU\NLR\AUTH\6601581279
686 1 _aХ.ф.я73-1
700 1 _aАдыгезалова
_bГ. Э.
_cд-р юрид. наук
_f1980-
_gГюльназ Эльдаровна
_3RU\NLR\AUTH\770278839
_92650806
942 _cBOOK
980 _aNB